000 00800nam a2200253 a 4500
001 000004641
005 20200929151456.0
008 090724s2007 es 000 0 spa d
020 _a9788496515307
040 _aDO-SdBNP
082 _a346.0175
_bA329h
100 1 _aAlberdi, Inés
_d1948 -
_913537
245 1 4 _aLos hombres jóvenes y la paternidad /
_cInés Alberdi, Pilar Escario.
260 _aBilbao, España :
_bFundación BBVA,
_c2007.
300 _a308 p. ;
_c24 cm.
500 _aIncluye índice
504 _aIncluye nota sobre las autoras (p. 309)
504 _aIncluye bibliográfia (p. 299-304)
650 4 _aPaternidad (derecho)
_913538
650 4 _aFamilia
_xEspaña
_913539
650 4 _aTrabajo y familia
_xEspaña
_913540
700 1 _aEscario, Pilar
_913541
049 _aBNPD
999 _c4448
_d4448